| 000 | 01237cam a2200325 a 4500 | ||
|---|---|---|---|
| 999 |
_c528145 _d528145 |
||
| 001 | 3825107 | ||
| 003 | NUST | ||
| 005 | 20190830103556.0 | ||
| 008 | 861110s1987 mdu b 000 0 eng | ||
| 010 | _a 86027590 | ||
| 020 |
_a0801835011 : _c$16.50 |
||
| 038 | _aM.Ramzan | ||
| 040 |
_aDLC _cDLC _dDLC |
||
| 043 | _ad------ | ||
| 050 | 0 | 0 |
_aHJ7469 _b.J56 1987 |
| 082 | 0 | 0 |
_a338.433621 _219 _bTIM |
| 100 | 1 |
_aJimenez, Emmanuel, _d1952- _919718 |
|
| 245 | 1 | 0 |
_aPricing policy in the social sectors : _bcost recovery for education and health in developing countries / _cEmmanuel Jimenez. |
| 260 |
_aBaltimore : _bPublished for the World Bank [by] Johns Hopkins University Press, _c1987. |
||
| 300 |
_av, 170 p. ; _c26 cm. |
||
| 504 | _aBibliography: p. 155-163. | ||
| 650 | 0 |
_aGovernment spending policy _zDeveloping countries. _919719 |
|
| 650 | 0 |
_aEducation _xEconomic aspects _zDeveloping countries. _919720 |
|
| 650 | 0 |
_aPublic health _xEconomic aspects _zDeveloping countries. _919721 |
|
| 651 | 0 |
_aDeveloping countries _xAppropriations and expenditures. _919722 |
|
| 651 | 0 |
_aDeveloping countries _xSocial policy. _97339 |
|
| 710 | 2 |
_aWorld Bank. _94999 |
|
| 906 |
_a7 _bcbc _corignew _d1 _eocip _f19 _gy-gencatlg |
||
| 942 |
_2ddc _cBK |
||